The psychology of marriage : basic issues and applications

Αποθηκεύτηκε σε:
Λεπτομέρειες βιβλιογραφικής εγγραφής
Άλλοι συγγραφείς: Fincham, Frank D. (Επιμελητής έκδοσης), Bradbury, Thomas N.
Μορφή: Βιβλίο
Γλώσσα:English
Δημοσίευση: New York : Guilford Press, 1990
Θέματα:
Ετικέτες: Προσθήκη ετικέτας
Δεν υπάρχουν, Καταχωρήστε ετικέτα πρώτοι!

MARC

LEADER 00000nam a2200000 i 4500
001 1/74140
008 050322s1990 eng d
020 |a 0-89862-433-9 
035 |l 10077293 
040 |a GR-MY-UA  |b gre  |e aacr 
041 0 |a eng 
082 0 |a 616.89156  |2 (21) 
245 1 4 |a The psychology of marriage :  |b basic issues and applications /  |c edited by Frank D. Fincham, Thomas N. Bradbury 
260 |a New York :   |b Guilford Press,   |c 1990 
300 |a xvi, 432 σ.;  |c 25 εκ. 
504 |a Περιέχει ευρετήριο 
650 0 0 |a Marital psychotherapy. 
650 0 0 |a Marriage  |x Psychological aspects. 
650 0 0 |a Marriage  |x Psychology. 
700 1 |a Fincham, Frank D.  |4 edt 
700 1 |a Bradbury, Thomas N. 
852 |a INST  |b LESVOS  |e 20050322  |h 616.89156 PSY  |p 005100030018  |q 005100030018  |t BK  |y 0 
901 |a BIBL1-2005-1 
909 |a Λ  |b 115048 
920 |a ΔΙΕΥΡΥΝΣΗ  |b ΕΠΕΑΕΚ-ΤΚ  |y ΛΕΣΒΟΣ  |z 2004-10 
970 |a ΜΑΡΙΝΑΤΟΥ  |b ΜΥΡΣΙΝΗ  |z 2005/03/22